MDQL
is popping MORE tags! Check the
thread
!
Quizzes
Events
Quiz Creation
Community
Videos
Private Events
Remove Ads
Sign In
Join for FREE
Feedback
Dark Mode
Quiz Categories
Sports
Geography
Music
Movies
Television
Just For Fun
Miscellaneous
History
Literature
Language
Science
Gaming
Entertainment
Religion
Holiday
For Kids
Quiz Lab
Recent
Popular Today
Quiz Kudos Today
Editor Picks
Curator Picks
Quizzes by...
Day
Popularity
Type
Ratings
Length
Year
Community
Subscriptions
Recent Discussions
Orange Saloon
Badges
Playlists
Quests
Create
Leaderboards
Showdown
Live 5
Trivia Bingo
Activity
Puzzle Library
Sporcle Events
Private Events
Virtual Trivia
Globe League
Become a Host
Pub Owners
SporcleCon
Opinionation
Our Games
Videos
Blog
Mobile Apps
Partnerships
Remove Ads and Go Orange
Feedback
Sports
Athletes
MLB
NBA
NHL
NFL
Soccer
Sports Teams
WWE
NCAA
Football
Premier League
Basketball
Baseball
Hockey
Golf
Tennis
Cricket
Rugby
Auto Racing
Olympics
World Cup
Sports
Athletes
MLB
NBA
NHL
NFL
Soccer
Sports Teams
WWE
NCAA
Football
Premier League
Basketball
Baseball
Hockey
Golf
Tennis
Cricket
Rugby
Auto Racing
Olympics
World Cup
Random Quiz
Search Sporcle
×
Quiz Lab
Quiz Lab
Sports
opponent
Type in answers that appear in a list
Type in answers that appear in a list
Classic
Best Score? Go Orange.
Dallas Mavericks Playoff Opponents Stats
Can you name the Dallas Mavericks Playoff Opponents?
By
DrCanada
7m
37 Questions
133 Plays
133 Plays
133 Plays
Comments
Comments
Give Quiz Kudos
Give Quiz Kudos
-
- Ratings
hide this ad
More Info
Forced Order
Answers have to be entered in order
Answers have to be entered in order
Replay
Link that replays current quiz
Next Quiz
Link to next quiz in quiz playlist
You Got
0%
They Got
Avg Score
76%
Avg Friend Score
Upgrade to see
Score Distribution
Jump to the score distribution portion of the page
Score
0/37
Timer
07:00
0
Plays Today
Year and Round
Playoff Opponent
% Correct
2014-
15 Conference Quarter-
Finals
Houston Rockets
86.7%
2010-
11 NBA Finals
Miami Heat
85%
2002-
03 Conference Finals
San Antonio Spurs
84.2%
2005-
06 NBA Finals
Miami Heat
84.2%
2013-
14 Conference Quarter-
Finals
San Antonio Spurs
84.2%
2006-
07 Conference Quarter-
Finals
Golden State Warriors
83.5%
2015-
16 Conference Quarter-
Finals
Oklahoma City Thunder
82.8%
1987-
88 Conference Finals
Los Angeles Lakers
82.7%
2000-
01 Conference Semi-
Finals
San Antonio Spurs
82.7%
2005-
06 Conference Semi-
Finals
San Antonio Spurs
82.7%
1983-
84 Western Conference Semi-
Finals
Los Angeles Lakers
82%
2010-
11 Conference Finals
Oklahoma City Thunder
82%
2004-
05 Conference Semi-
Finals
Phoenix Suns
81.2%
2010-
11 Conference Semi-
Finals
Los Angeles Lakers
81.2%
2004-
05 Conference Quarter-
Finals
Houston Rockets
80.5%
2005-
06 Conference Finals
Phoenix Suns
80.5%
2008-
09 Conference Quarter-
Finals
San Antonio Spurs
80.5%
2011-
12 Conference Quarter-
Finals
Oklahoma City Thunder
79.7%
1985-
86 Conference Semi-
Finals
Los Angeles Lakers
78.9%
Year and Round
Playoff Opponent
% Correct
2009-
10 Conference Quarter-
Finals
San Antonio Spurs
78.9%
2000-
01 Conference Quarter-
Finals
Utah Jazz
78.2%
2001-
02 Conference Semi-
Finals
Sacramento Kings
77.4%
2003-
04 Conference Quarter-
Finals
Sacramento Kings
75.2%
1985-
86 Conference Quarter-
Finals
Utah Jazz
74.4%
1987-
88 Conference Quarter-
Finals
Houston Rockets
74.4%
2002-
03 Conference Semi-
Finals
Sacramento Kings
74.4%
2005-
06 Conference Quarter-
Finals
Memphis Grizzlies
72.9%
2008-
09 Conference Semi-
Finals
Denver Nuggets
72.9%
2001-
02 Conference Quarter-
Finals
Minnesota Timberwolves
72.2%
1983-
84 Conference Quarter-
Finals
Seattle Super-Sonics
69.9%
1987-
88 Conference Semi-
Finals
Denver Nuggets
69.9%
2007-
08 Conference Quarter-
Finals
New Orleans Hornets
69.9%
2002-
03 Conference Quarter-
Finals
Portland Trail-Blazers
69.2%
2010-
11 Conference Quarter-
Finals
Portland Trail-Blazers
69.2%
1986-
87 Conference Quarter-
Finals
Seattle Super-Sonics
66.9%
1984-
85 Conference Quarter-
Finals
Portland Trail-Blazers
65.4%
1989-
90 Conference Quarter-
Finals
Portland Trail-Blazers
65.4%
Quiz Playlist
Details
Report
Send in Message
Add To Playlist
More Info:
Name the Dallas Mavericks playoff opponent for the given year and round of playoffs. Use the franchise nickname only.
Classic:
Type in answers that appear in a list
Forced Order:
Answers have to be entered in order
Last Updated: Mar 26, 2018
Quiz Scoreboard
CHALLENGE
Sign Up to Join the Scoreboard
Show All
Scores
Hide
Comments
May contain spoilers
Recently Published
Street Fighter Characters
by Artimus82
Gaming
60s
9x9 Crossword: Cartoon Network
by jackfrog10
Miscellaneous
3m
College Basketball Coaching Resumes
by pancakes188
Sports
9m
More to Explore
Quiz From the Vault
Featured Blog Post
Where Did the Easter Bunny Come From?
hide this ad
You Might Also Like...
Tags
Dallas Mavericks
opponent
Playoff
Playoff Opponents
result
Today's Top Quizzes in Sports
Browse Sports
hide this ad
Today's Top Quizzes in opponent
Browse opponent
Top Contributed Quizzes in Sports
1
2022 World Cup Stars
2
Les meilleurs buteurs des matchs entre le PSG et l’OM
3
FIFA Club World Cup Champions
4
Les entraîneurs de l'OM et du PSG au 21e siècle
5
Criteria MLB: Left Handed Sluggers
6
2023 MLB Unique Player Accomplishments
7
AFC Teams Reveal (Wrong Answers Minefield)
8
Players with Multiple 50 Home Run Seasons
9
5-to-1: FBS Animal Nicknames
10
5-to-1: UK Sports Teams
Explore More
Trending Topics
Harry Potter
NBA
Marvel
Disney
Kpop
Anime
Crossword
WWE
Pokémon
Soccer
NFL
The Office
Puzzle
Country
Song
hide this ad
More By:
DrCanada
Quiz
Plays
Rating
Category
Featured
Created
NBA Playoff Appearances
857
2.00
Sports
Apr 14, 2014
Premiers of Quebec
573
5.00
History
May 19, 2014
Toronto Raptors Playoff Opponents
363
3.67
Sports
May 16, 2016
Canadian Electoral Maps
289
4.00
History
Mar 24, 2015
NBA Team by Single-Season Record for Wins
258
3.50
Sports
Mar 7, 2015
Go to Creator's Profile
Score Distribution
Quiz Creator Spotlight
DrCanada
Follow
Send a Message
Quizzes Created
-
Created Quiz Play Count
-
More By This Creator
Popular Quizzes Today
1
Find the US States - No Outlines Minefield
2
Find the Countries of Europe - No Outlines Minefield
3
The Countries of the World
4
Find the US States
5
Risky Map Clicking: Biggest States A-Z
6
US States
7
Popular People in 1961
8
Movies - When Are They Set?
More Sports Quizzes
AEW Champions Gallery
Quiz Lab
Trending Quizzes
Risky Map Clicking: Least Populous States A-Z
1-10 Letter G Words
Risky Map Clicking: Next State Alphabetically
Adjectives in 80s TV Shows
The Seven Year Switch: Catherine
Recently Updated
Leaping Animals
pecheneg
Reality TV Shows (A-Z)
bhenderson79
Rickey Henderson's Hall of Fame Teammates
pecheneg
Champions League XIs: Arsenal
pecheneg
Quick Pick: Celebrities in WWE's Hall of Fame
aduchscher
A-Z Keypad Blitz II
pecheneg
Multiple Oscar Actors
pecheneg
Mystery Phrase Blitz: Oscar 'Best Actors'
pecheneg
F. Scott Fitzgerald Novels
LTH
Pick 3 Villains
ddd62291
Trending Topics
Disney
Anime
Harry Potter
NBA
Marvel
Crossword
Kpop
NFL
Soccer
Country
Pokémon
Puzzle
WWE
Song
The Office
Your Account Isn't Verified!
In order to create a playlist on Sporcle, you need to verify the email address you used during registration. Go to your
Sporcle Settings
to finish the process.
Report this User
Report this user for behavior that violates our
Community Guidelines
.
Details:
Send Report
Go to the Sporcle.com Mobile Site →
Comments